Statystyki dla Słowa z "por"

Kliknij tutaj aby rozwiązać quiz!

Ogólne statystyki

  • Ten quiz został rozwiązany 45 razy
  • Średni wynik to 7 z 26

Statystyki odpowiedzi

Odpowiedź% Poprawnych
por
100%
port
87%
pora
66%
porno
39%
portfel
39%
poranek
37%
porcja
29%
porada
26%
portal
24%
sport
21%
aport
18%
poręcz
18%
porucznik
18%
porwanie
18%
porzeczka
18%
poradnik
16%
raport
16%
poradnia
13%
porażenie
13%
porządek
13%
porażka
11%
poryw
8%
zapora
8%
porost
5%
sportowiec
5%
porywacz
3%

Rozkład punktacji

Percentyl według liczby udzielonych odpowiedzi

Procent ludzi z każdym wynikiem

Twoja historia wyników

Nie rozwiązałeś tego quizu